Sports Quiz

Random Sports or Football Quiz

Multiple Choice Super Bowl Winners Quiz Stats

 Plays Quiz Updated Feb 3, 2019

Score 0/53 Timer 05:00
0 Plays Today
Question Answer Wrong Answers
Super Bowl I Green Bay Packers
94.1%
Kansas City Chiefs
2.9%
Cleveland Browns
1.3%
Philadelphia Eagles
1.3%
Super Bowl II Green Bay Packers
85.1%
Kansas City Chiefs
7.7%
Oakland Raiders
2.6%
New York Giants
3%
Super Bowl III New York Jets
75.1%
Chicago Bears
6%
Baltimore Colts
11.9%
Minnesota Vikings
3.8%
Super Bowl XLIII Pittsburgh Steelers
72.3%
Arizona Cardinals
3%
Houston Texans
1%
Cleveland Browns
0.8%
Super Bowl XI Oakland Raiders
71.7%
Minnesota Vikings
6.7%
Tampa Bay Buccaneers
3.6%
Seattle Seahawks
2.8%
Super Bowl XXVII Dallas Cowboys
71.4%
Buffalo Bills
2.2%
Seattle Seahawks
2.7%
Phoenix Cardinals
2%
Super Bowl XXXVIII New England Patriots
71.2%
Carolina Panthers
1.8%
New York Jets
1.3%
Denver Broncos
3.4%
Super Bowl 50 Denver Broncos
70%
Arizona Cardinals
0.7%
Baltimore Ravens
2.8%
Carolina Panthers
1.8%
Super Bowl IV Kansas City Chiefs
70%
Minnesota Vikings
4.7%
Miami Dolphins
8.1%
Green Bay Packers
11.4%
Super Bowl XXIX San Francisco 49ers
70%
New York Jets
2.9%
Houston Oilers
2.7%
San Diego Chargers
2.5%
Super Bowl XXXIX New England Patriots
69.5%
Philadelphia Eagles
2.8%
New York Jets
1.2%
St. Louis Rams
4.1%
Super Bowl LI New England Patriots
69.2%
Atlanta Falcons
1%
Pittsburgh Steelers
1.1%
Green Bay Packers
1%
Super Bowl VIII Miami Dolphins
67%
Minnesota Vikings
9%
San Diego Chargers
3.7%
Denver Broncos
7.3%
Super Bowl LIII New England Patriots
65.7%
Los Angeles Rams
1%
Kansas City Chiefs
0.4%
New Orleans Saints
1.4%
Super Bowl XXXVI New England Patriots
65.6%
St. Louis Rams
6.3%
Kansas City Chiefs
1.9%
New Orleans Saints
4%
Super Bowl XLIX New England Patriots
65.6%
New York Giants
3.2%
Pittsburgh Steelers
2.8%
Seattle Seahawks
3.8%
Super Bowl VII Miami Dolphins
65.3%
New England Patriots
4%
Atlanta Falcons
2.2%
Washington Redskins
16.6%
Super Bowl XLVIII Seattle Seahawks
65.2%
Denver Broncos
6%
Indianapolis Colts
3.6%
Chicago Bears
1%
Super Bowl XLIV New Orleans Saints
64.8%
Denver Broncos
5%
Jacksonville Jaguars
1%
Indianapolis Colts
6.2%
Super Bowl XXXI Green Bay Packers
64.5%
Jacksonville Jaguars
1.7%
Detroit Lions
1.8%
New England Patriots
10.1%
Super Bowl XXXVII Tampa Bay Buccaneers
64%
Oakland Raiders
6.6%
Seattle Seahawks
5.1%
San Diego Chargers
2%
Super Bowl XXI New York Giants
64%
Buffalo Bills
2.9%
Philadelphia Eagles
3.9%
Denver Broncos
8.8%
Super Bowl XXXII Denver Broncos
63.1%
Green Bay Packers
10.6%
Atlanta Falcons
2.2%
Carolina Panthers
2.2%
Super Bowl X Pittsburgh Steelers
62.9%
Miami Dolphins
3.7%
Detroit Lions
2%
Dallas Cowboys
16.9%
Super Bowl LII Philadelphia Eagles
62.5%
New England Patriots
6.1%
Jacksonville Jaguars
0.8%
Minnesota Vikings
0.4%
Super Bowl V Baltimore Colts
62.2%
Dallas Cowboys
21.8%
St. Louis Cardinals
2.8%
Los Angeles Rams
5.1%
Super Bowl XXXIII Denver Broncos
62%
San Francisco 49ers
10.4%
Atlanta Falcons
2.7%
Miami Dolphins
2.9%
Super Bowl XXIV San Francisco 49ers
61.5%
Buffalo Bills
1.9%
Pittsburgh Steelers
10.2%
Denver Broncos
5.2%
Super Bowl IX Pittsburgh Steelers
61.3%
Buffalo Bills
2.5%
Minnesota Vikings
3.2%
Oakland Raiders
19.2%
Super Bowl XV Oakland Raiders
60.6%
Philadelphia Eagles
4.3%
Denver Broncos
5.6%
Green Bay Packers
11.7%
Super Bowl XIV Pittsburgh Steelers
60.2%
Miami Dolphins
8.7%
Los Angeles Rams
5.6%
Chicago Bears
8.2%
Super Bowl XLI Indianapolis Colts
59.9%
Chicago Bears
2%
Dallas Cowboys
3.2%
New Orleans Saints
12.4%
Super Bowl XXXV Baltimore Ravens
59.8%
New York Giants
8.8%
New York Jets
1.8%
Dallas Cowboys
7.5%
Super Bowl XIX San Francisco 49ers
59.6%
Dallas Cowboys
13.6%
Detroit Lions
1.9%
Miami Dolphins
5%
Super Bowl XIII Pittsburgh Steelers
58.4%
Dallas Cowboys
12.4%
Los Angeles Rams
3%
San Francisco 49ers
9.3%
Super Bowl XLII New York Giants
58.2%
New England Patriots
17.1%
Buffalo Bills
0.9%
Washington Redskins
1.1%
Super Bowl XLVII Baltimore Ravens
58.2%
New England Patriots
14.7%
Arizona Cardinals
1%
San Francisco 49ers
2.3%
Super Bowl XX Chicago Bears
57.9%
New England Patriots
4.3%
St. Louis Cardinals
2.2%
New York Giants
15.6%
Super Bowl XLVI New York Giants
57.2%
New England Patriots
16.2%
Denver Broncos
2.3%
Minnesota Vikings
0.7%
Super Bowl XXIII San Francisco 49ers
57.1%
Los Angeles Raiders
4.2%
Dallas Cowboys
15.3%
Cincinnati Bengals
2.4%
Super Bowl XXXIV St. Louis Rams
56.1%
Tennessee Titans
2.7%
Pittsburgh Steelers
11.3%
Tampa Bay Buccaneers
7.9%
Super Bowl XXV New York Giants
56%
San Francisco 49ers
18.7%
Buffalo Bills
2.4%
Cleveland Browns
1.6%
Super Bowl XLV Green Bay Packers
54.9%
Carolina Panthers
1.3%
Pittsburgh Steelers
9.7%
Baltimore Ravens
10.9%
Super Bowl XXVIII Dallas Cowboys
54.1%
Pittsburgh Steelers
8.4%
Buffalo Bills
1.6%
San Francisco 49ers
14.3%
Super Bowl XXX Dallas Cowboys
54%
Pittsburgh Steelers
11.4%
Washington Redskins
5.4%
New York Giants
7.4%
Super Bowl VI Dallas Cowboys
53.6%
Philadelphia Eagles
4.5%
Houston Oilers
5.3%
Miami Dolphins
26.1%
Super Bowl XL Pittsburgh Steelers
53.3%
Seattle Seahawks
3%
Green Bay Packers
6.6%
Indianapolis Colts
14.6%
Super Bowl XVI San Francisco 49ers
49.2%
Cincinnati Bengals
2.4%
Washington Redskins
22.9%
Green Bay Packers
7.3%
Super Bowl XII Dallas Cowboys
43.8%
Denver Broncos
3.1%
New York Jets
3.1%
Pittsburgh Steelers
34.4%
Super Bowl XVII Washington Redskins
41.5%
Miami Dolphins
6%
Dallas Cowboys
19.1%
Los Angeles Raiders
14.6%
Super Bowl XVIII Los Angeles Raiders
41.5%
Washington Redskins
15.6%
New Orleans Saints
2.8%
Chicago Bears
20.5%
Super Bowl XXVI Washington Redskins
40.6%
Dallas Cowboys
33.1%
Buffalo Bills
2.2%
Minnesota Vikings
2.8%
Super Bowl XXII Washington Redskins
33.9%
San Francisco 49ers
34.6%
Denver Broncos
5%
Green Bay Packers
5.8%

You're not logged in!

Compare scores with friends on all Sporcle quizzes.
OR
Log In

Show Comments

Extras

Top Quizzes Today


Score Distribution

Your Account Isn't Verified!

In order to create a playlist on Sporcle, you need to verify the email address you used during registration. Go to your Sporcle Settings to finish the process.

Report this User

Report this user for behavior that violates our Community Guidelines.

Details: